=LDR 00000nam 2200000 4500 =001 INLIS000000000000718 =005 20130612085143 =008 ***********************************Eng** =035 ##$$0010-061300000000718 =041 ##$$a Eng =082 ##$$a 582.13 =090 ##$$a 582.13, War-t =100 ##$$a Warren, William =245 ##$$a Tropical flowers of Indonesia, William Warren =260 ##$$a 1997 $b Singapore =300 ##$$a 64 hlm, ilus, 19 cm =650 ##$$a Bunga =650 ##$$a Indonesia =850 ##$$a NBPNMAT